| 000 | 00536nam a22002057a 4500 | ||
|---|---|---|---|
| 001 | 00028782 | ||
| 005 | 20260415094246.0 | ||
| 008 | 260415b ag ||||| |||| 00| 0 spa d | ||
| 020 | _a8408038257 | ||
| 040 |
_aAR-CcCEOS _bspa _cAR-CcCEOS |
||
| 041 | _aspa | ||
| 080 | _a875 | ||
| 090 | _bPLA | ||
| 100 | 0 |
_aPlatón _9630 |
|
| 245 |
_aEl banquete o del amor : _bFedón o del alma / _cPlatón |
||
| 264 |
_aBuenos Aires : _bPlaneta, _cc1990. |
||
| 300 |
_a159 p. ; _c24x19 cm. |
||
| 650 | 0 |
_afilosofía _9153 |
|
| 942 |
_2udc _cBK _n0 |
||
| 999 |
_c28817 _d28817 |
||